000 00269nam a2200121 i 4500
001 bg
245 0 _aMetaloznawstwo i metalurgia proszków.
260 _aKraków,
_c1971.
040 _cBPK
041 _apol
942 _cKS
008 s pl f |000 0 pol
999 _c20654
_d20654
856 _uhttp://koha.tu.koszalin.pl/cgi-bin/koha/opac-detail.pl?biblionumber=20654
_yKatalog online BPK